Saecularism in Hinduism / (Record no. 143895)

MARC details
000 -LEADER
fixed length control field 00509nam a22001817a 4500
005 - DATE AND TIME OF LATEST TRANSACTION
control field 20170829142345.0
010 ## - LCCN (DPL NO)
LC control number ENG-120152
020 ## - INTERNATIONAL STANDARD BOOK NUMBER
International Standard Book Number 9789380663845
Terms of availability 595.00
035 ## - SYSTEM CONTROL NUMBER
System control number EN-103684
037 ## - SOURCE OF ACQUISITION
Source of stock number/acquisition DBAD/PUB
082 ## - DEWEY DECIMAL CLASSIFICATION NUMBER
Classification number 181.4
100 ## - MAIN ENTRY--PERSONAL NAME
Personal name Matilal,Rudra Prasad
245 ## - TITLE STATEMENT
Title Saecularism in Hinduism /
Statement of responsibility, etc by Rudra Prasad Matilal
260 ## - PUBLICATION, DISTRIBUTION, ETC. (IMPRINT)
Place of publication, distribution, etc Kolkata
Name of publisher, distributor, etc Levant Books
Date of publication, distribution, etc 2013
270 ## - ADDRESS
Address 27C,Creek Row
City Kolkata
Postal code 700014
300 ## - PHYSICAL DESCRIPTION
Extent 304p.
Dimensions 22cm (Hb)
942 ## - ADDED ENTRY ELEMENTS (KOHA)
Source of classification or shelving scheme Dewey Decimal Classification
Item type English Books
Classification part 181.4
Call number suffix MAT
Holdings
Withdrawn status Lost status Not for loan Collection code Home library Current library Date acquired Source of acquisition Cost, normal purchase price Full call number Barcode Copy number Cost, replacement price Koha item type
      Non-fiction D.B.Act.Division Mobile Library 29/08/2017 DBAD/PUB 595.00 181.4 MAT EN-103684 1 595.00 English Books

© Delhi Public Library
Hit Counter
free hit counter